Marketingový plán a jeho proces tvorby vo vybranom podniku diplomová práca

Na minha lista:
Detalhes bibliográficos
Autor principal: Majzlanová, Ivana
Autor Corporativo: Fakulta podnikového manažmentu EU. Katedra manažmentu
Outros Autores: Šinský, Peter
Formato: Livro
Idioma:eslovaco
Publicado em: Bratislava 2010
Tags: Adicionar Tag
Sem tags, seja o primeiro a adicionar uma tag!

MARC

LEADER 00000nam a2200000 4500
001 0119860
005 20240318122648.0
041 0 |a slo 
044 |a SK 
245 1 0 |a Marketingový plán a jeho proces tvorby vo vybranom podniku  |b diplomová práca  |c Ivana Majzlanová ; škol. Peter Šinský 
264 1 |a Bratislava  |c 2010 
300 |a 63 s. 
100 1 |a Majzlanová, Ivana 
700 1 |a Šinský, Peter 
710 2 |a Fakulta podnikového manažmentu EU. Katedra manažmentu